Perubahan fasa ekonomi Malaysia / (Record no. 1654)

000 -LEADER
fixed length control field nam a22 a 4500
003 - CONTROL NUMBER IDENTIFIER
control field AKMAL
005 - DATE AND TIME OF LATEST TRANSACTION
control field 20170511120344.0
008 - FIXED-LENGTH DATA ELEMENTS--GENERAL INFORMATION
fixed length control field 170511s2003 my e bi 001 may d
020 ## - INTERNATIONAL STANDARD BOOK NUMBER
International Standard Book Number 9676113700 (kkt.) :
Terms of availability RM36.00
040 ## - CATALOGING SOURCE
Original cataloging agency AKMAL
082 04 - DEWEY DECIMAL CLASSIFICATION NUMBER
Classification number 330.9595 OKP
090 00 - LOCALLY ASSIGNED LC-TYPE CALL NUMBER (OCLC); LOCAL CALL NUMBER (RLIN)
Classification number (OCLC) (R) ; Classification number, CALL (RLIN) (NR) 330.9595
Local cutter number (OCLC) ; Book number/undivided call number, CALL (RLIN) OKP
100 1# - MAIN ENTRY--PERSONAL NAME
Personal name Okposin, Samuel Bassey
9 (RLIN) 3373
245 10 - TITLE STATEMENT
Title Perubahan fasa ekonomi Malaysia /
Statement of responsibility, etc. Samuel Bassey Okposin, Abdul Halim Abdul Hamid, Ong Hway Boon ; penterjemah Onn Mohd Jadi, Zaleha Abu Bakar
260 ## - PUBLICATION, DISTRIBUTION, ETC.
Place of publication, distribution, etc. Kuala Lumpur :
Name of publisher, distributor, etc. Utusan Publications & Distributors ,
Date of publication, distribution, etc. 2003
300 00 - PHYSICAL DESCRIPTION
Extent xxii, 280ms. :
Other physical details il. ;
Dimensions 25cm.
500 ## - GENERAL NOTE
General note Mengandungi indeks
500 ## - GENERAL NOTE
General note Koleksi Peribadi YABhg. Tun Ahmad Sarji (2100272, 2100273)
504 ## - BIBLIOGRAPHY, ETC. NOTE
Bibliography, etc. note Bibliografi: ms. 270-279
650 #0 - SUBJECT ADDED ENTRY--TOPICAL TERM
Topical term or geographic name entry element Industrialization
Geographic subdivision Malaysia
9 (RLIN) 3374
650 #0 - SUBJECT ADDED ENTRY--TOPICAL TERM
Topical term or geographic name entry element Privatization
Geographic subdivision Malaysia
9 (RLIN) 3375
651 #0 - SUBJECT ADDED ENTRY--GEOGRAPHIC NAME
Geographic name Malaysia
General subdivision Economic conditions
9 (RLIN) 63
700 0# - ADDED ENTRY--PERSONAL NAME
Personal name Abdul Halim Abdul Hamid
9 (RLIN) 3376
700 1# - ADDED ENTRY--PERSONAL NAME
Personal name Ong, Hway Boon
9 (RLIN) 3377
700 0# - ADDED ENTRY--PERSONAL NAME
Personal name Onn Mohd Jadi
9 (RLIN) 3378
700 0# - ADDED ENTRY--PERSONAL NAME
Personal name Zaleha Abu Bakar
9 (RLIN) 3379
942 ## - ADDED ENTRY ELEMENTS (KOHA)
Source of classification or shelving scheme
Koha item type Book
Holdings
Withdrawn status Lost status Source of classification or shelving scheme Damaged status Not for loan Collection code Home library Current library Shelving location Date acquired Inventory number Total Checkouts Full call number Barcode Date last seen Price effective from Koha item type
          NON-FICTION AKMAL Melaka AKMAL Melaka PINJAMAN 11.05.2017 303634   330.9595 OKP 201705430 11.05.2017 11.05.2017 Book
          NON-FICTION AKMAL Melaka AKMAL Melaka PINJAMAN 11.05.2017 303667   330.9595 OKP 201705431 11.05.2017 11.05.2017 Book
          NON-FICTION AKMAL Melaka AKMAL Melaka PINJAMAN 18.01.2023 000267   330.9595 OKP 201708153 18.01.2023 18.01.2023 Book
          NON-FICTION AKMAL Melaka AKMAL Melaka PINJAMAN 18.01.2023 000268   330.9595 OKP 201708154 18.01.2023 18.01.2023 Book
Pusat Sumber Maklumat Dato' Haji Sarmin Md Hussin, Akademi Kastam Diraja Malaysia, Melaka
Tel: 06-2331106 | Faks: 06-2313787